[Event "Bundesliga 0405"]
[Site "Germany"]
[Date "2005.03.12"]
[Round "12.4"]
[White "Borriss, Martin"]
[Black "Appel, Ralf"]
[Result "0-1"]
[WhiteElo "2439"]
[BlackElo "2507"]
[Annotator "Cox,J"]
[PlyCount "108"]
[EventDate "2004.11.12"]
[EventType "team-tourn"]
[EventRounds "15"]
[EventCountry "GER"]
[SourceTitle "CBM 106"]
[Source "ChessBase"]
[SourceDate "2005.06.06"]
[SourceVersion "1"]
[SourceVersionDate "2005.06.06"]
[SourceQuality "1"]
[WhiteTeam "Neukoelln"]
[BlackTeam "Wattenscheid"]
[WhiteTeamCountry "GER"]
[BlackTeamCountry "GER"]

1. e4 Nf6 2. e5 Nd5 3. d4 d6 4. c4 Nb6 5. exd6 exd6 6. Nc3 Be7 7. Be2 O-O 8.
Nf3 c6 {A very rare move, whose highest-profile outing was in Mitkov-Gausel,
Ohrid 2001} 9. O-O ({Mitkov-Gausel continued} 9. h3 Re8 10. O-O Bf5 11. Bf4 Na6
12. Qd2 Nc7 13. b3 Ne6 14. Bh2 Bf6 15. Rfe1 Bg6 16. Bf1 {with a slight
advantage for White. 9 h3 looks rather more sensible than Borriss' choice to
me.}) 9... Bg4 10. Qd3 {while this doesn't look to me like the right square
for the queen in this system either; at some point Black is bound to gain a
tempo on her. Instead 10 b3 was a more natural way to meet the threat of ...
Bxf3.} Na6 11. a3 {Already the drawback to White's set-up becomes apparent;} (
11. Re1 Nb4 {is quite annoying: an immediate draw is possible after} 12. Qd1 (
12. Qe4 Bh5 $1) 12... Bf5 13. Rf1 Nc2 14. Rb1 Nb4 {, or Black could also
continue the game with confidence.}) 11... Nc7 12. h3 Bh5 13. b3 Re8 14. Be3 d5
15. c5 Nd7 16. b4 Ne6 {Black has set up in the usual way in this structure,
and has equalised thanks to White's slightly hesitant play (b3-b4, Qd3)} 17. g4
$6 {It is normal for White to try and gain space on the king-side in this
variation, but it looks as though here he must have underestimated Black's
18th. Instead a quiet move like 17 Rfe1 was wiser.} Bg6 18. Qd2 f5 19. Ne1 {
An ugly move to have to make, but} (19. Ne5 Nxe5 20. dxe5 Bf8 {followed by ...
Qh4 is also unpleasant.}) 19... f4 20. Bxf4 Nxf4 $5 (20... Nxd4 21. Qxd4 Bf6
22. Qd2 Bxc3 23. Qxc3 Rxe2 {was sound and about equal, but Appel is more
ambitious.}) 21. Qxf4 Bg5 22. Qg3 Qf6 23. Rd1 Bf4 24. Qf3 Nf8 25. Bd3 Ne6 {
This is the position Appel would have had to size up at move 20.} 26. Bxg6 hxg6
$1 {A fine move:} (26... Qxg6 {was certainly possible but White might have
been able to relieve the pressure with Qf5 at some stage, for example} 27. Qd3
Qf6 28. Ng2 Bc7 29. Qf5 Qxf5 30. gxf5) 27. Nd3 (27. Qd3 Bc7 28. Ne2 (28. Ng2
Nf4) 28... Re7 29. Rb1 (29. Nf3 Rf8 30. Kg2 Qxf3+) 29... Ng5 30. Kg2 Rae8 31.
Rb2 Nxh3 32. Qxh3 (32. Kxh3 Re3+) 32... Rxe2 {is a sample variation to
illustrate White's difficulties.}) 27... Ng5 28. Qg2 Bc7 29. Ne1 Ne6 30. Ne2 (
30. Qf3 Bf4 {would repeat, but this time I imagine Appel would have played} (
30... Nf4 {, when even ...Kf7 and...Rh8 is in the air.})) 30... Nxc5 31. dxc5
Rxe2 32. Nf3 Rf8 33. Rd3 Qe7 34. Rfd1 {A strange-looking move. 34 Nd4 is more
natural, but in any case clearly Black is better.} Rf4 35. Rd4 Qf6 36. Rxf4
Qxf4 37. Rd4 Re4 38. Rxe4 dxe4 39. Nh2 {A curious move; it looks more natural
to try and keep the knight nearer the action with 39 Ne1, but I doubt that
White can hold on in any case.} e3 $19 40. fxe3 Qxe3+ 41. Kh1 Qxa3 42. Nf3 Qa1+
43. Qg1 Qxg1+ 44. Kxg1 Kf7 45. Kf2 Ke6 46. Ke3 Kd5 47. Kd3 Bd8 48. Nd2 a5 49.
bxa5 Bxa5 50. Ne4 Bd8 51. Nd6 b5 52. Nf7 Be7 53. g5 Ke6 54. Nh8 Kf5 0-1

[Event "CUB-ch KO"]
[Site "Santa Clara"]
[Date "2005.04.22"]
[Round "2.2"]
[White "Dominguez Perez, Leinier"]
[Black "Almeida Quintana, Omar"]
[Result "1-0"]
[WhiteElo "2658"]
[BlackElo "2452"]
[Annotator "Cox,J"]
[PlyCount "105"]
[EventDate "2005.04.18"]
[EventType "k.o."]
[EventRounds "3"]
[EventCountry "CUB"]
[SourceTitle "CBM 107"]
[Source "ChessBase"]
[SourceDate "2005.08.01"]
[SourceVersion "1"]
[SourceVersionDate "2005.08.01"]
[SourceQuality "1"]

1. e4 Nf6 2. e5 Nd5 3. d4 d6 4. c4 Nb6 5. f4 {The Four Pawns Attack seems to
be coming into fashion at the moment after a period of neglect.} dxe5 6. fxe5
Bf5 7. Nc3 e6 8. Be3 Nc6 9. Nf3 Be7 {Black's main defence.} 10. d5 (10. Be2 O-O
11. O-O f6 12. exf6 Bxf6 {is a much quieter alternative, but the text has
always been reckoned the crucial challenge.}) 10... exd5 ({The older} 10... Nb4
{is presently in the doghouse: White is considered to have two good lines.} 11.
Nd4 (11. Rc1 exd5 12. a3 c5 13. axb4 d4 14. Bxd4 cxd4 15. Nxd4 Qb8 16. Nxf5
Qxe5+ 17. Be2 Qxf5 18. c5 Nd7 19. Nd5 {(Velimirovic-Marovic, Yugoslavia 1977)
is supposed to be the other good line for White - much of the theory of this
line was worked out in Yugoslavia in the late seventies.}) 11... Bg6 12. a3 c5
13. Nxe6 fxe6 14. axb4 cxb4 15. Na4 O-O 16. Nxb6 axb6 17. Rxa8 Qxa8 {is
nowadays usually assessed as good for White.}) 11. cxd5 Nb4 12. Nd4 Bd7 ({
The only sensible move:} 12... Bg6 13. Bb5+ {is bad.}) 13. Qf3 (13. e6 fxe6 14.
dxe6 Bc6 15. Qg4 Bh4+ 16. g3 Bxh1 17. O-O-O Qf6 18. gxh4 O-O {was once the
main line, but these complications were worked out as satisfactory for Black
in the early 1970's and computers don't seem to have made much impression on
the old conclusions.}) (13. Qb3 {is another try but} c5 14. dxc6 bxc6 15. O-O-O
Qc7 16. Bc4 Nxc4 17. Qxc4 Qxe5 {was no good for White in Tsarev-Palatnik, Kiev
1989}) 13... c5 14. dxc6 bxc6 15. Be2 {This move has been played a couple of
times before by lower-rated players but this game and its outcome may well be
set to give it a boost. White just doesn't see why he needs to do anything
quickly or put his king in danger on the queen's side.} ({Neither} 15. a3 c5 {
nor}) (15. O-O-O O-O {achieve anything much for White, while preventing
castling by}) (15. e6 {is critical but probably just bad after} fxe6 16. O-O-O
N6d5 17. a3 Nxc3 18. Nxe6 Nca2+ $1 (18... Qa5 {is another story and may or may
not be adequate also}) 19. Kb1 Bxe6 20. Rxd8+ Rxd8 21. axb4 Nxb4 {when Black
has well-nigh overwhelming compensation for the queen; this is analysis by
Cafferty which was tested in Pegoraro-Henderson, Ischia 1996, in which White
was crushed.}) 15... O-O 16. O-O N4d5 (16... N6d5 17. Bf2 (17. Nxd5 Nxd5 18.
Bf2 Qc7 19. Rac1 {was Souleidis-Stephanopoulos, Aghia Pelagia 2004, which is
also nice for White since} Qxe5 $2 {is bad:} (19... Qb7 {was played in the
game when Souleidis'} 20. Rfd1 {didn't work out, but some move defending the
b-pawn such as 20 b3 or Nb3 ought to maintain a modest edge}) 20. Nxc6 Bxc6 21.
Rxc6 Nb4 (21... Qxb2 22. Qxd5 Qxe2 23. Re1 $18) 22. Rc4 Qxb2 23. a3 Nc2 24. Qe4
Nxa3 25. Bd3 g6 26. Qxe7 $16) 17... Qc7 18. a3 (18. Bg3 Bc5 {is OK for Black})
18... Nxc3 19. bxc3 Nd5 20. c4 Nb6 21. Qe4 Rae8 {was Alavkin-Kravtsov;
Novgorod 1997: perhaps White holds an edge here but Black managed to defend
himself without too much trouble in the game.}) 17. Bf2 (17. Nxd5 {was
possible, following Souleidis, but Dominguez doesn't mind an exchange on c3,
giving him a c-pawn to contest the d5 square.}) 17... Qc7 18. Bg3 Nxc3 (18...
Bc5 {is not so effective now as it would have been in the Alavkin game, since
after} 19. Rad1 Be6 20. Ne4 {the bishop doesn't have the b6 square. This might
be an argument for 16...N4d5.}) ({But the text does help White inasmuch as it
takes the b pawn away from a square on which it is sometimes vulnerable, and
enables White to control d5.} 18... Be6 {was a possibility: White can't go
directly for e6 since} 19. Ne4 (19. Nxe6 fxe6 20. Qg4 Bc5+) 19... Nd7 20. Nxe6
fxe6 21. Qg4 Qb6+ 22. Kh1 Rf5 23. Rxf5 Ne3 {holds on}) 19. bxc3 Qc8 {White has
definitely secured an edge now.} 20. Bd3 g6 {I'm not sure why Black chose to
play this now, before h7 was threatened.} (20... Nd5 {looks like a better try
to me, since after the text Black just loses a pawn without any corresponding
improvement in his position.}) 21. Be4 Bg4 22. Qf2 Nd5 23. c4 Nc3 24. Nxc6 $18
Nxe4 25. Nxe7+ Kg7 26. Qf4 (26. Nxc8 {was winning also, but Dominguez prefers
to keep the queens.}) 26... Qc5+ 27. Rf2 ({To my inexpert eye} 27. Bf2 {
looks like a rather safer way of doing it:} Qxe7 (27... Nxf2 28. Qf6+ Kh6 29.
Rxf2 {is surely decisive}) 28. Qxe4 Bf5 29. Qf4 {followed by Bh4-f6 looks
extremely strong to me. Black could have had a similar version of this in the
game.}) 27... Bf5 (27... Nxg3 28. Qf6+ Kh6 29. hxg3 Rab8 30. Raf1 Rb6 {fails
to Qh4+ and Nd5-f6.}) 28. Bh4 f6 (28... Rfb8 29. Nxf5+ gxf5 30. Rc1 Nxf2 31.
Bxf2 Qc6 {The text leads to an endgame in which Black is surely lost but does
have some chances to draw.}) 29. Nxf5+ gxf5 30. Qxf5 (30. Bxf6+ Rxf6 31. exf6+
Kxf6 32. Raf1 Nxf2 33. Rxf2 {was an alternative ending which some might have
preferred.}) 30... Qxe5 (30... Nxf2 $4 31. exf6+ {wins the queen of course})
31. Qxe5 fxe5 32. Re2 Rf4 33. g3 Nc3 34. Rxe5 Rxc4 35. Rf1 Nxa2 36. Re7+ $18
Kg8 $8 37. Rff7 Rg4 38. Bf6 Rg6 39. Rg7+ Rxg7 40. Rxg7+ Kf8 41. Rxh7 Re8 42.
Rxa7 Re2 43. Rb7 Nc1 44. Rb2 Kf7 45. Bh8 Re8 46. Rf2+ Kg6 47. Bb2 Nd3 48. Rd2
Re3 49. Bd4 Rf3 50. Bf2 Ne5 51. Kg2 Rf7 52. h3 Kh7 53. g4 {Quite a scary game
for Alekhine enthusiasts. White's idea on move 15 needs a bit of looking at.}
1-0

[Event "Bundesliga 0405"]
[Site "Germany"]
[Date "2005.03.12"]
[Round "12.4"]
[White "Moreno Carnero, Javier"]
[Black "Schulze, Ulrich"]
[Result "1-0"]
[WhiteElo "2512"]
[BlackElo "2333"]
[Annotator "Cox,J"]
[PlyCount "77"]
[EventDate "2004.11.12"]
[EventType "team-tourn"]
[EventRounds "15"]
[EventCountry "GER"]
[SourceTitle "CBM 106"]
[Source "ChessBase"]
[SourceDate "2005.06.06"]
[SourceVersion "1"]
[SourceVersionDate "2005.06.06"]
[SourceQuality "1"]
[WhiteTeam "Katernberg"]
[BlackTeam "Eppingen"]
[WhiteTeamCountry "GER"]
[BlackTeamCountry "GER"]

1. e4 Nf6 2. e5 Nd5 3. d4 d6 4. c4 Nb6 5. exd6 cxd6 6. Nc3 g6 7. Be3 Bg7 8. Rc1
O-O 9. b3 e5 {The main line of the fashionable Voronezh variation.} 10. dxe5
dxe5 11. Qxd8 Rxd8 12. c5 N6d7 13. Bc4 Nc6 14. Nf3 Na5 15. Be2 h6 {I don't
care for this move:} (15... b6 16. Na4 Nxc5 17. Nxc5 bxc5 18. Rxc5 Nb7 19. Rc7
{(Dvoiris-Grunberg, Oberwart 2004) and now 19....Nd6!?, or else}) (15... Nf8
16. Nb5 Be6 (16... Ne6 17. Nd6 h6 18. O-O Rb8 19. Rfd1 Nc6 20. Bc4 Bd7 21. Rd2
Na5 22. Bd5 Bc6 {, on the other hand, was already much better for White in
Almasi-Miroshnichenko, Bundesliga 2004.}) 17. Nd6 Rab8 18. O-O Nc6 19. Rfd1 h6
{as in Bokar-Corvi, 1999, and other games, are both more critical in my
opinion.}) (15... Nc6 16. O-O (16. Nb5 Nf8 17. Nd6 $14 {is better;
Horvath-Sikula, Hungary 2002.}) 16... Nd4 17. Bxd4 exd4 18. Nb5 a6 19. Nbxd4
Nxc5 20. Rxc5 Bxd4 21. Nxd4 Rxd4 22. Rc7 {was also pretty much equal, although
Black lost, in Raetsky-Santo-Roman, Rohde 2004.}) 16. O-O Nf8 17. Rfd1 (17. Ne4
Nc6 18. Nd6 Rb8 19. a3 (19. Rfd1 $6 Be6) 19... f5 20. Rfd1 Be6 21. b4 {, with
a definite advantage for White, was a very well-timed sequence in
Hunt-Schnabel, Oxford 1998, and in fact I think better than what Moreno does -
White usually does best to go Ne4-d6 as soon as possible in this variation so
that Black is forced into ...Rb8 before ...Be6.}) 17... Be6 18. Nb5 a6 $2 {
A horrible move. ....a6 is rarely a good idea in this structure since it makes
....b6 harder to achieve, weakens b6 and forces White to play the move he is
about to play anyway. Either the normal 18...Nc6 19 Nd6 Rab8, or else 18...
Rxd1+, were better.} 19. Nd6 Rd7 20. Nd2 {White eschews the normally thematic}
(20. b4 Nc6 21. a3 {as that would make Black's ...a6 useful, and instead
brings his knight immediately to target the b6 weakness.}) 20... f5 21. f3 Kh7
22. b4 Nc6 23. a3 Rad8 24. N2c4 Bf6 25. Nb6 Re7 {A very typical position for
this line in which White is slightly better, especially since he has the b6
knight-normally the slight drawback of the thematic f3, restraining Black's
centre and leaving the slightly weak e-pawn, is the difficulty in finding an
active role for this piece.} 26. Bf1 Bg5 27. Bxg5 hxg5 28. Rd2 Kg7 29. Re1 {
The usual plan, pressing on e5.} Kf6 30. h3 Rc7 31. Kf2 Nd7 32. Nd5+ Bxd5 33.
Rxd5 Nf8 34. a4 $6 {White had all the time in the world and he didn't need to
do this at this moment, but no doubt the players were in time trouble.} Nxb4 $2
{Losing; instead} (34... Ne6 35. b5 Ne7 36. Rdxe5 Nxc5 37. b6 Rc6 38. Nxb7 Nxb7
39. Rxe7 Rd2+ 40. Kg3 Rxb6 {hangs on.}) 35. Rdxe5 Rcd7 36. g4 $4 (36. Ne8+ Kf7
37. Bc4+ Nd5 38. Nd6+ {wins straight away; the players must have been in bad
time trouble for a player of Moreno's standard to miss this.}) 36... Nc6 $4 ({
After} 36... Nc2 {White has nothing decisive and indeed only a slight
advantage; now it is over.}) 37. Re8 Rxe8 38. Nxe8+ Kf7 39. Bc4+ {A game which
illustrates many themes of the Voronezh, in particular the way that ...a6?
lames Black's entire position by preventing any counterplay against the
cramping c5 pawn, but White's set-up with Nd2, f3 and Rde1 is also extremely
typical.} 1-0

[Event "SWE-NOR (Men)"]
[Site "Karlstad"]
[Date "2005.05.05"]
[Round "2"]
[White "Agrest, Evgenij"]
[Black "Agdestein, Simen"]
[Result "1/2-1/2"]
[WhiteElo "2579"]
[BlackElo "2573"]
[Annotator "Cox,J"]
[PlyCount "106"]
[EventDate "2005.05.04"]
[EventType "team"]
[EventRounds "2"]
[EventCountry "SWE"]
[SourceTitle "CBM 108"]
[Source "ChessBase"]
[SourceDate "2005.09.26"]
[SourceVersion "1"]
[SourceVersionDate "2005.09.26"]
[SourceQuality "1"]

1. e4 Nf6 2. e5 Nd5 3. d4 d6 4. c4 Nb6 5. exd6 exd6 6. Nc3 Be7 7. Nf3 O-O 8. h3
{White usually prevents ...Bg4 in this line these days.} Re8 9. Be2 c6 {
A rather more non-committal plan than the usual ...Bf5/...Nc6, which has been
gaining ground recently.} 10. O-O Bf6 {A novelty in this exact position,
although of course this is a normal square for the bishop in this line.} (10...
Bf5 11. Bf4 Na6 12. Qd2 Nc7 13. b3 Ne6 14. Bh2 Bf6 15. Rfe1 Bg6 16. Bf1 Bh5 17.
g4 Bg6 18. Rad1 h6 19. Bg2 a5 20. d5 $14 {at least, was Mitkov-Gausel, Ohrid
2001.}) 11. Bf4 (11. Be3 d5 12. c5 Nc4 13. Bc1 b6 14. b3 Na5 15. Na4 Nd7 16.
cxb6 axb6 17. Be3 {was Vajda-Radziewicz, Ostrava zt (women) 1999 (by
transposition), when Black could have obtained satisfactory play with 17...Ba6
rather than the game's 17...Nb7.}) 11... Na6 {Agdestein's plan in this game is
slightly new: he develops the pieces in the normal way but holds the queen's
bishop back for the moment.} 12. a4 $5 {An interesting move and rare in this
line: obviously something like 12 Re1 or Qd2 was a more routine move. It
remains then to be seen how Black's omission of ...Bf5 will enable him to do
better than Mitkov-Gausel.} d5 {Always the atic move for Black in this line:
without it he is seldom happy and I suspect Gausel's trouble against Mitkov
was wasting time on ...Bf5-g6-h5-g6 rather than organising this break.} (12...
Be6 13. b3 d5 {is the computer's preference but Agdestein wants to keep e6
free for a knight, and I think he is right.}) 13. c5 Nd7 14. Bxa6 {Otherwise
Black might have used the d7 knight for e6 and kept the a6 one for b4, but a4
doesn't look like such a good move once the b-file opens.} bxa6 15. a5 Nf8 16.
Qa4 Bd7 17. Rfe1 Rxe1+ 18. Rxe1 Ne6 19. Bd6 Qc8 {The computer gets quite
excited about White's position here but I don't think he actually has much.}
20. Ne5 Be8 21. Qb4 h5 {An interesting move. I don't know whether Agdestein
wanted to restrain g4 or whether he was concerned about Ng4 in the middle of
his planned ...Ne6-c7-b5 manoeuvre, eg} (21... Nc7 22. g3 Nb5 23. Nxb5 axb5 24.
Ng4 Qd8 25. Nxf6+ Qxf6 {I suspect the closing of the b-file in combination
with the creation of opposite-coloured bishops would favour White considerably.
}) 22. Ne2 g6 23. Nc1 Nc7 24. Nf3 Nb5 25. Be5 Bd8 {My computer is quite sure
White is just winning now, but I don't think it's right. Anyway Agdestein
organises his pieces and holds comfortably.} 26. Qd2 f6 27. Bg3 Bf7 28. Ne2 Kg7
29. Nf4 g5 30. Nd3 h4 31. Bd6 Qd7 32. Qb4 Bg6 33. Re3 Be4 34. Nd2 Bxd3 35. Rxd3
Bc7 36. Bxc7 Qxc7 37. Re3 Kf8 38. Nf3 Re8 39. Rxe8+ Kxe8 40. Qe1+ Kf7 41. Qb1
Qxa5 42. Qf5 Ke7 43. Qh7+ Kf8 44. Qh8+ Kf7 45. Qh7+ Kf8 46. Qh8+ Kf7 47. Qc8 {
White chooses to allow perpetual rather than administering it himself.} Qc7 48.
Qxa6 Kg7 49. Qa4 Qf4 50. Qa6 Qc1+ 51. Kh2 Qf4+ 52. Kg1 Qc1+ 53. Kh2 Qf4+
1/2-1/2

[Event "Bundesliga 0506"]
[Site "Germany"]
[Date "2005.12.09"]
[Round "7.6"]
[White "Smeets, Jan"]
[Black "Appel, Ralf"]
[Result "1/2-1/2"]
[WhiteElo "2531"]
[BlackElo "2488"]
[Annotator "Cox,J"]
[PlyCount "98"]
[EventDate "2005.10.21"]
[EventType "team-tourn"]
[EventRounds "15"]
[EventCountry "GER"]
[SourceTitle "CBM 111"]
[Source "ChessBase"]
[SourceDate "2006.04.04"]
[SourceVersion "1"]
[SourceVersionDate "2006.04.04"]
[SourceQuality "1"]
[WhiteTeam "Solingen"]
[BlackTeam "Wattenscheid"]
[WhiteTeamCountry "GER"]
[BlackTeamCountry "GER"]

1. e4 Nf6 2. e5 Nd5 3. d4 d6 4. c4 Nb6 5. exd6 exd6 6. Nc3 Be7 7. h3 O-O 8. Bd3
{A slightly unusual set-up. Usually White plays either h3 and Be2, or Bd3 and
Nge2. But the text has its logic: the pawn prevents ...Bg4, and the bishop ....
Bf5.} c6 $146 ({To me it looks best to play} 8... Re8 {so as to force} 9. Nge2
{, and now} Nc6 10. O-O {looks a more sensible set-up to me: this position
could have arisen in J.Emms-N.Davies, Southend 2002, had White played 10 h3 in
that game. The position after} Bf6 {was reached by the greatest contemporary
connoisseur of this ... exd6 variation, Alexander Baburin, in J.Waitzkin-A.
Baburin, Europe-Americas 1998, and he very quickly became better after} 11. Bb1
a5 12. a3 $6 {and now the nicely-calculated} a4 {, since White cannot take
advantage of the loose-looking a-pawn. But this ...c6 plan is fashionable in
the whole Exchange variation with ....exd6.}) 9. Qc2 g6 10. Nf3 Na6 11. a3 Re8
12. O-O Nc7 {White has achieved his fundamental goal in this line of
dominating Black's queen's bishop, but the advantage of this ...c6/...d5 plan
for Black is that he is certain to be able to engage White on the queenside
and obtain some kind of counterplay.} 13. Re1 Ne6 $6 {I don't like this. To me}
(13... d5 {is the right move: after} 14. c5 Nd7 {Black can think about a break
with ...b6 in due course and obtain counterplay, for example} 15. Bh6 Bf8 16.
Bxf8 Nxf8 17. Rxe8 Nxe8 18. Re1 Ng7 {when White is still better, but Black has
relieved his cramp and can find squares for all his pieces.}) 14. Bh6 Bf6 ({
It's too late for} 14... d5 {in view of the shattering} 15. c5 Nd7 16. Rxe6
fxe6 17. Bxg6 $18 {. It is possible Appel had overlooked this a move ago,
since I don't suppose he wanted to go in for what now happens.}) 15. Ne4 Bg7
16. Bxg7 Nxg7 17. c5 $1 dxc5 18. dxc5 Nd5 19. Nd6 $16 Re7 20. Qd2 Ne8 21. Nxe8
Qxe8 22. Bc4 ({The immediate} 22. Ng5 {was another way of executing the same
plan and perhaps more natural: White's plan surely includes Ng5-e4-d6 whereas
it doesn't necessarily involve Bc4.} Be6 23. Ne4 Qf8 24. Nd6 b6 25. b4 {
enables White to retain at least a modest edge.}) 22... Be6 23. Ng5 Qf8 24. Re2
Rd8 25. Rae1 Nb6 $5 {A natural freeing attempt, but it might have been better
to carry on grovelling.} 26. Qf4 Nxc4 27. Nxe6 $6 {Now Black can hold on.
After the intermezzo} (27. Qh4 $1 {Black's position was far more difficult,
since after} h6 (27... Qg7 $2 28. Nxe6 $18) 28. Nxe6 Rxe6 29. Rxe6 fxe6 30.
Qxc4 {he doesn't have the resource in the game as 30...Rd5 31 Rxe6 threatens
further mayhem on the king's side.}) 27... Rxe6 28. Rxe6 fxe6 29. Qxc4 Rd5 30.
b4 Qf6 {White's advantage is nominal: Black has only one weakness, and he can
defend that.} 31. Qe4 Kf7 32. g3 Qf5 33. Qh4 h5 34. Re2 Qf3 35. Re1 Rd2 36. Rf1
e5 37. Qc4+ Qd5 38. Qh4 Rd3 39. Qg5 Qd4 40. Re1 Rd2 (40... Rf3 41. Re3 Rxe3 42.
Qxe3 $4 (42. fxe3 $11) 42... Qxe3 43. fxe3 e4 {is a lost pawn endgame, but
irrelevant.}) 41. Re3 Qd5 42. Rf3+ Qxf3 43. Qxd2 Qf5 44. Qd6 Qb1+ 45. Kg2 Qe4+
46. Kf1 Qb1+ 47. Ke2 Qa2+ 48. Kf1 Qb1+ 49. Ke2 Qa2+ 1/2-1/2